[Event "Winnipeg TNT January op"]
[Site "Winnipeg"]
[Date "2014.01.07"]
[Round "1.4"]
[White "Leaden, Bruce"]
[Black "Platt, Alex"]
[Result "0-1"]
[WhiteElo "1600"]
[BlackElo "1975"]
[PlyCount "48"]
[EventDate "2014.01.07"]
[EventType "swiss"]
[EventRounds "4"]
[EventCountry "CAN"]
[SourceTitle "EXT 2022"]
[Source "ChessBase"]
[SourceDate "2021.10.06"]
[SourceVersion "1"]
[SourceVersionDate "2021.10.06"]
[SourceQuality "1"]

1. e4 Nf6 2. e5 Nd5 3. Nc3 Nxc3 4. bxc3 g6 5. Nf3 Bg7 6. d4 d6 7. Ba3 0-0 8. Bc4 Nc6 9. h3 dxe5 10. 0-0 exd4 11. cxd4 Nxd4 12. Nxd4 Qxd4 13. Qxd4 Bxd4 14. Rad1 Bf6 15. Rfe1 Re8 16. Bd5 c6 17. Bf3 Be6 18. Rxe6 fxe6 19. Rd7 Rab8 20. Bc1 Red8 21. Rxd8+ Rxd8 22. Kf1 Rd4 23. Ke2 Ra4 24. a3 Be5 0-1

[Event "Winnipeg TNT October op"]
[Site "Winnipeg"]
[Date "2013.10.10"]
[Round "2.5"]
[White "Platt, Alex"]
[Black "Green, Aaron"]
[Result "1/2-1/2"]
[WhiteElo "1942"]
[BlackElo "2059"]
[PlyCount "66"]
[EventDate "2013.10.01"]
[EventType "swiss"]
[EventRounds "5"]
[EventCountry "CAN"]
[SourceTitle "EXT 2022"]
[Source "ChessBase"]
[SourceDate "2021.10.06"]
[SourceVersion "1"]
[SourceVersionDate "2021.10.06"]
[SourceQuality "1"]

1. e4 c5 2. Nf3 d6 3. d4 cxd4 4. Nxd4 Nf6 5. Nc3 g6 6. Be3 Bg7 7. Bc4 Nc6 8. f3 0-0 9. Qd2 Bd7 10. 0-0-0 Rb8 11. Nxc6 bxc6 12. Bxa7 Rb4 13. Bb3 Qa5 14. Be3 Be6 15. Bh6 Bxh6 16. Qxh6 Bxb3 17. cxb3 c5 18. Qd2 c4 19. a3 Rxb3 20. Nd5 c3 21. Nxc3 Rc8 22. Kc2 Qa4 23. Kd3 Qa6+ 24. Kc2 Qb5 25. Rb1 Nd7 26. Qd3 Qb6 27. Rhd1 Ne5 28. Qd4 Qb8 29. Qa4 Nc4 30. Qxb3 Ne3+ 31. Kd3 Qxb3 32. Kxe3 Qc2 33. Ne2 Qb3+ 1/2-1/2

[Event "Winnipeg TNT March op"]
[Site "Winnipeg"]
[Date "2013.03.26"]
[Round "4"]
[White "Platt, Alex"]
[Black "Wolchock, Theo"]
[Result "1-0"]
[WhiteElo "1927"]
[BlackElo "1706"]
[PlyCount "101"]
[EventDate "2013.03.05"]
[EventType "swiss"]
[EventRounds "4"]
[EventCountry "CAN"]
[SourceTitle "EXT 2022"]
[Source "ChessBase"]
[SourceDate "2021.10.06"]
[SourceVersion "1"]
[SourceVersionDate "2021.10.06"]
[SourceQuality "1"]

1. e4 e5 2. Nf3 Nc6 3. Bb5 Bc5 4. 0-0 Nf6 5. c3 0-0 6. d4 exd4 7. cxd4 Bb4 8. a3 Ba5 9. b4 Bb6 10. Re1 h6 11. Bb2 a6 12. Ba4 d6 13. h3 Bd7 14. Bc2 Re8 15. Nc3 Na7 16. Qd3 g6 17. e5 Bf5 18. Qd2 Bxc2 19. exf6 Bf5 20. Qxh6 Qxf6 21. Nd5 Qg7 22. Qf4 Nc6 23. g4 Bxd4 24. Bxd4 Nxd4 25. Qxd4 Qxd4 26. Nxd4 Rxe1+ 27. Rxe1 Bd3 28. Nxc7 Rc8 29. Re8+ Rxe8 30. Nxe8 Kf8 31. Nxd6 b5 32. f3 Ke7 33. Ne4 Bxe4 34. fxe4 Kd6 35. Kf2 Ke5 36. Ke3 f6 37. Nf3+ Kd6 38. Kd4 g5 39. e5+ fxe5+ 40. Nxe5 a5 41. bxa5 b4 42. axb4 Kc7 43. b5 Kb7 44. Nc4 Ka7 45. b6+ Kb7 46. Nd6+ Ka8 47. a6 Kb8 48. Nc4 Ka8 49. Na5 Kb8 50. Nc6+ Ka8 51. b7# 1-0

[Event "Winnipeg TNT March op"]
[Site "Winnipeg"]
[Date "2013.03.19"]
[Round "3"]
[White "Melamedoff, Gustavo"]
[Black "Platt, Alex"]
[Result "1-0"]
[WhiteElo "2086"]
[BlackElo "1927"]
[PlyCount "97"]
[EventDate "2013.03.05"]
[EventType "swiss"]
[EventRounds "4"]
[EventCountry "CAN"]
[SourceTitle "EXT 2022"]
[Source "ChessBase"]
[SourceDate "2021.10.06"]
[SourceVersion "1"]
[SourceVersionDate "2021.10.06"]
[SourceQuality "1"]

1. Nf3 d5 2. c4 e6 3. b3 Nf6 4. g3 Bd6 5. Bb2 Nbd7 6. Bg2 0-0 7. 0-0 Re8 8. d3 c6 9. Nc3 e5 10. cxd5 Nxd5 11. Nd2 N7f6 12. Nc4 Bc7 13. a3 Nb6 14. Nxb6 Bxb6 15. b4 Be6 16. Na4 Bd4 17. Rc1 Bd5 18. e4 Be6 19. Bxd4 Qxd4 20. Nc5 b6 21. Nxe6 Rxe6 22. Rc4 Qb2 23. Qc1 Qxc1 24. Rfxc1 Rd8 25. Rxc6 Rxd3 26. Rc8+ Re8 27. Rxe8+ Nxe8 28. Rc8 Kf8 29. Bf1 Rd7 30. Bb5 Re7 31. Ra8 a5 32. bxa5 bxa5 33. Rxa5 Nc7 34. Bc6 f6 35. a4 Ne6 36. Ra8+ Kf7 37. Bd5 Kg6 38. a5 Nd4 39. a6 Rc7 40. Bb7 Nb5 41. Rc8 Rxc8 42. Bxc8 Kf7 43. f4 g5 44. fxe5 fxe5 45. Kf2 h5 46. Ke3 Ke7 47. Kd3 Kd8 48. Bb7 Kc7 49. Kc4 1-0

[Event "Winnipeg TNT January op"]
[Site "Winnipeg"]
[Date "2013.01.15"]
[Round "2"]
[White "Platt, Alex"]
[Black "Valentino, Marcos"]
[Result "1/2-1/2"]
[WhiteElo "1905"]
[BlackElo "2260"]
[PlyCount "118"]
[EventDate "2013.01.08"]
[EventType "swiss"]
[EventRounds "4"]
[EventCountry "CAN"]
[SourceTitle "EXT 2022"]
[Source "ChessBase"]
[SourceDate "2021.10.06"]
[SourceVersion "1"]
[SourceVersionDate "2021.10.06"]
[SourceQuality "1"]

1. d4 Nf6 2. Nf3 d5 3. g3 e6 4. Bg2 Bd6 5. 0-0 Nbd7 6. Nbd2 c6 7. c4 0-0 8. b3 e5 9. dxe5 Nxe5 10. cxd5 Nxf3+ 11. Nxf3 Nxd5 12. Bb2 Be7 13. Qc2 Bf6 14. a3 Bxb2 15. Qxb2 Qf6 16. Qxf6 Nxf6 17. Rfd1 Be6 18. Nd4 Bd5 19. b4 Bxg2 20. Kxg2 Rfe8 21. Rac1 a6 22. e3 Nd5 23. Nb3 f5 24. Rd3 Kf7 25. Rd4 Re7 26. Rc5 g6 27. h3 Kf6 28. Rc1 Nc7 29. Na5 Ne6 30. Rd6 Rd8 31. Rcd1 Rxd6 32. Rxd6 Ke5 33. Nc4+ Kf6 34. f4 Rc7 35. a4 Ke7 36. Rd1 Rd7 37. Rc1 Nc7 38. Kf3 Nd5 39. Ne5 Rc7 40. Rb1 b5 41. a5 c5 42. bxc5 Rxc5 43. Rd1 Ke6 44. g4 b4 45. Rd3 Rxa5 46. Nc6 Ra3 47. Nxb4 Rxd3 48. Nxd3 a5 49. e4 Nc3 50. exf5+ gxf5 51. Ke3 a4 52. Kd2 Ne4+ 53. Kc2 Kf6 54. Kb2 fxg4 55. hxg4 h5 56. gxh5 Ng3 57. h6 Kg6 58. Ka3 Kxh6 59. Ne5 Nh5 1/2-1/2

[Event "Winnipeg TNT January op"]
[Site "Winnipeg"]
[Date "2013.01.08"]
[Round "1"]
[White "Platt, Alex"]
[Black "Trueman, Francis"]
[Result "1-0"]
[WhiteElo "1905"]
[BlackElo "1460"]
[PlyCount "31"]
[EventDate "2013.01.08"]
[EventType "swiss"]
[EventRounds "4"]
[EventCountry "CAN"]
[SourceTitle "EXT 2022"]
[Source "ChessBase"]
[SourceDate "2021.10.06"]
[SourceVersion "1"]
[SourceVersionDate "2021.10.06"]
[SourceQuality "1"]

1. e4 d6 2. d4 Nf6 3. Nc3 g6 4. f4 e5 5. dxe5 Nh5 6. Nf3 Bg4 7. exd6 Bxf3 8. Qxf3 Qxd6 9. Bd2 Nc6 10. 0-0-0 0-0-0 11. Be3 Qe7 12. Bb5 Bg7 13. Bxc6 bxc6 14. e5 Bh6 15. Qxc6 Kb8 16. Nd5 1-0